Responses for show #3357 - Tuesday, March 23, 1999

Contestants

Robin LeMaster, a graduate student from Laguna Beach, California

Eric Brown, an engineering student from Blacksburg, Virginia

Jeff Grimes, a history teacher from Paris, Texas (whose 2-day cash winnings total $8,400)

Jeopardy! Round responses

CITIZENSHIP TEST
NAME THE MUSICAL
INTERNATIONAL CUISINE
IN OTHER WORDS...
CELEBRITIES
(Alex: All of these celebrities have appeared on "Celebrity Jeopardy!")
DON'T LISTEN TO THEM!
    $100 2
The 50 states

Eric
    $100 1
Camelot

Eric
    $100 3
Spain

Eric
    $100 6
As easy as falling off a log

Robin
    $100 7
Ollie (Oliver North)

Eric
    $100 13
The Beatles

Eric
    $200 4
Veto

Eric
    $200 12
Oliver!

Eric
    $200 14
Pig's knuckles

Eric
    $200 5
(E: What is the cat that swallowed the canary?)
(J: What is the cat that ate the canary?)

Look like the cat that swallowed the canary

JeffEric
Triple Stumper
    $200 8
Luke Perry

Eric
    $200 20
(E: What is the telegraph?)

Telephone

JeffEric
    $300 9
Dan Quayle

Jeff
    $300 21
Evita

Robin
    $300 18
Marrow

Robin
    $300 17
The old college try

Eric
    $300 15
Roseanne

Robin
    $300 25
(J: Who are the Marx Brothers?)

Warner Brothers

JeffRobin
    $400 10
Secretary

Robin
    $200 22
Fiddler on the Roof

Robin
    $400 24
(J: What are yaks?)
(less than a minute to go...)

Water buffalo

Jeff
Triple Stumper
    $400 28
"Smile! You're on 'Candid Camera!'"

Robin
    $400 16
Lloyd

Eric
    $400 26
Stocks

Jeff
    $500 11
State legislatures

Jeff
    $500 23
Hello, Dolly!

Triple Stumper
    $500 30
Caribou

Robin
    $500 29
Loose lips sink ships

Robin
    $500 19
"Buzz" Aldrin

Robin
    $500 27
U.S. Patent Office

Jeff

Scores at the first commercial break (after clue 14):

Jeff Eric Robin
$600 $1,100 $500

Scores at the end of the Jeopardy! Round:

Jeff Eric Robin
$1,000 $1,600 $3,800

Double Jeopardy! Round responses

U.S. GOVERNORS
MUSEUMS
DOWN WITH THE SHIP
SPECIAL FORCES
THE KING
"I"
    $200 10
George Pataki

Eric
    $200 11
Texas Rangers

Jeff
    $200 16
Santa Maria

Jeff
    $200 3
Green Berets

Jeff
    $200 1
Frank Sinatra

Jeff
    $200 5
Inflate

Jeff
    $400 12
Taft

Jeff
    $400 23
(we have less than a minute to go...)

Rijksmuseum

Triple Stumper
    $400 17
John Paul Jones

Triple Stumper
    $400 26
French Foreign Legion

Jeff
    $400 2
Kid Galahad

Eric
    $400 8
Isosceles

Eric
    $600 13
Gray

Robin
    $600 24
Richard Byrd

Jeff
    $600 20
Lake Champlain

Jeff
    $600 27
Germany

Robin
    $600 4
Aaron

Robin
    $600 9
Iguanas

Eric
    $800 18
Louisiana

Jeff
    $800 25
The Flyer

Triple Stumper
    $800 21
"The Perfect Storm"

Triple Stumper
    $800 28
Navy Seals (Sea, Air & Land)

Eric
    $800 6
Colonel Tom Parker

Jeff
    $800 14
(J: What is ichthology?)

Ichthyology

JeffEric
    $1000 19
William Weld

Triple Stumper
    $1000 30
(R: What is Florence?)

Cremona

Robin
Triple Stumper
    $500 22
(J: I have no idea...who is Captain Albertson?)

Captain Edward Smith

Jeff
    $1000 29
(E: What is the SAS?)

The Mossad (from Israel)

Eric
Triple Stumper
    $2,400 7
Hawaii

Jeff
    $1000 15
Inverness

Robin

Scores at the end of the Double Jeopardy! Round:

Jeff Eric Robin
$6,700 $3,800 $5,600

[wagering suggestions for these scores]

Final Jeopardy! Round responses

FICTIONAL CHARACTERS
EricWho is Suzie Wong?
$2,699
RobinWho is Elvis?
$4,300
JeffWho is Mao?
$5,600
Charlie Chan

Final scores:

Jeff Eric Robin
$1,100 $1,101 $1,300
3rd place: Pair of Jaguar Watches 2nd place: Trip to Camino Real Zaashila Hotel, Huatulco, Mexico New champion: $1,300

Game dynamics:

Coryat scores:

Jeff Eric Robin
$5,800 $3,800 $5,800
17 R
(including 1 DD),
5 W
(including 1 DD)
17 R,
3 W
15 R
(including 1 DD),
1 W

Combined Coryat: $15,400

The J! Archive is created by fans, for fans. The Jeopardy! game show and all elements thereof, including but not limited to copyright and trademark thereto, are the property of Jeopardy Productions, Inc. and are protected under law. This website is not affiliated with, sponsored by, or operated by Jeopardy Productions, Inc. Join the discussion at JBoard.tv.